Statistics for 5 Biggest Cities By European Country #2

Click here to take the quiz!

General Stats

  • This quiz has been taken 118 times
  • The average score is 19 of 30

Answer Stats

Country Biggest Cities % Correct
AustriaVienna
99%
PortugalLisbon
99%
SwedenStockholm
99%
UkraineKiev
99%
PolandWarsaw
99%
SwitzerlandZ├╝rich
96%
SwitzerlandBern
95%
PortugalPorto
93%
PolandKrakow
88%
SwitzerlandGeneva
87%
SwedenMalmo
84%
SwedenGothenburg
84%
AustriaSalzburg
77%
AustriaInnsbruck
67%
PolandLodz
59%
AustriaGraz
59%
UkraineDonetsk
57%
SwitzerlandLausanne
57%
SwitzerlandBasel
56%
UkraineKharkiv
50%
AustriaLinz
49%
PolandWroclaw
48%
SwedenUppsala
48%
UkraineDnipro
36%
PolandPoznan
33%
PortugalBraga
26%
UkraineOdesa
14%
SwedenVasteras
8%
PortugalVila Nova de Gaia
5%
PortugalAmadora
3%

Score Distribution

Percentile by Number Answered

Percent of People with Each Score

Your Score History

You have not taken this quiz